El comportamiento altruista : (Record no. 112125)

MARC details
000 -CABECERA
campo de control de longitud fija 00809nam a2200241 a 4500
005 - FECHA Y HORA DE LA ÚLTIMA TRANSACCIÓN
campo de control 20241023063849.0
008 - ELEMENTOS DE LONGITUD FIJA--INFORMACIÓN GENERAL
campo de control de longitud fija 050906s2000 mx r 000 0 spa d
020 ## - NÚMERO INTERNACIONAL NORMALIZADO PARA LIBROS
Número Internacional Estándar del Libro 8432310492
035 ## - NÚMERO DE CONTROL DEL SISTEMA
Número de control de sistema UPN01000139977
049 ## - COLECCIÓN
Colección CG
050 #4 - SIGNATURA TOPOGRÁFICA DE LA BIBLIOTECA DEL CONGRESO
Número de clasificación BF637 H4
Número de documento/Ítem S6.2
100 1# - ASIENTO PRINCIPAL--NOMBRE PERSONAL
Nombre de persona Sober, Elliot
245 13 - MENCIÓN DE TÍTULO
Título El comportamiento altruista :
Resto del título evolución y psicología /
Mención de responsabilidad, etc. Elliot Sober y David Sloan Wilson ; pról. Carlos López Fanjul ; tr. Ana Grandal Martín.
260 ## - PUBLICACIÓN, DISTRIBUCIÓN, ETC.
Lugar de publicación, distribución, etc. Madrid :
Nombre del editor, distribuidor, etc. Siglo XXI,
Fecha de publicación, distribución, etc. 2000.
300 ## - DESCRIPCIÓN FÍSICA
Extensión 327 p.
440 #0 - MENCIÓN DE SERIE/ASIENTO SECUNDARIO--TÍTULO
Título Ciencia
534 ## - NOTA SOBRE LA VERSIÓN ORIGINAL
Frase introductoria Título original:
Mención de título del original Unto others. The evolution and psychology of unselfish behavior
650 #2 - ASIENTO SECUNDARIO DE MATERIA - TERMINO TEMATICO
Término de materia o nombre geográfico como elemento de entrada Altruismo
9 (RLIN) 2602
650 #4 - ASIENTO SECUNDARIO DE MATERIA - TERMINO TEMATICO
Término de materia o nombre geográfico como elemento de entrada EGOISMO
9 (RLIN) 10824
650 #2 - ASIENTO SECUNDARIO DE MATERIA - TERMINO TEMATICO
Término de materia o nombre geográfico como elemento de entrada Evolución (Biología)
9 (RLIN) 12397
700 1# - ASIENTO SECUNDARIO--NOMBRE DE PERSONAL
Nombre de persona Wilson, David Sloan,
Término indicativo de función/relación coaut.
905 ## - TIPO DE MATERIAL
Tipo de material Libro
Holdings
Estado de retiro Estado de pérdida Fuente del sistema de clasificación o colocación Estado dañado No para préstamo Código de colección Localización permanente Ubicación/localización actual Ubicación en estantería Fecha de adquisición Total de préstamos Clasificación Código de barras Fecha visto por última vez Número de copia Tipo de ítem Koha
    Library of Congress Classification     Colección General Bib. Gregorio Torres Quintero Bib. Gregorio Torres Quintero Planta baja 03/08/2023 4 BF637 H4 S6.2 230395 31/12/2020 1 Libro